| 000 | 00453nam a2200169 4500 | ||
|---|---|---|---|
| 001 | 127370 | ||
| 003 | ES-MaACL | ||
| 005 | 20230906193013.0 | ||
| 007 | t| | ||
| 008 | 070214s1911 fr r ||||1| fre d | ||
| 100 | 1 |
_aRichet, Charles ( _d1850-1935) _996954 |
|
| 245 | 1 | 2 |
_aL'anaphylaxie / _cpar Charles Richet. |
| 260 |
_aParis : _bFélix Alcan, _c1911. |
||
| 300 |
_a286 p. ; _c19 cm. |
||
| 650 | 4 |
_aAnafilaxia. _9151780 |
|
| 852 |
_aES-MaACL _jB-11741 |
||
| 999 |
_c127370 _d127370 |
||